| 000 | 00573nam a2200205Ia 4500 | ||
|---|---|---|---|
| 005 | 20260429112053.0 | ||
| 008 | 260429s9999||||xx |||||||||||||| ||und|| | ||
| 020 | _a9781071635391 | ||
| 041 | _aEnglish | ||
| 082 |
_a571.6 _bTUR |
||
| 100 | _aTurksenm, Kursad | ||
| 245 | 0 |
_aStem cells and lineage commitment : _bmethods and protocols / _cKursad Turksenm |
|
| 250 | _a1st ed. | ||
| 260 |
_aNew York : _bHumana Press, _c2024. |
||
| 300 | _axii, 226 p.; pbk | ||
| 650 | _a Cell differentiation | ||
| 650 | _a Molecular biology | ||
| 650 | _aStem cells | ||
| 942 | _cTB | ||
| 999 |
_c52193 _d52193 |
||